Bioactive Natural Products from the Red Sea (Record no. 26789)

MARC details
000 -LEADER
fixed length control field 01309nam a2200133Ia 4500
008 - FIXED-LENGTH DATA ELEMENTS--GENERAL INFORMATION
fixed length control field 220620s9999||||xx |||||||||||||| ||und||
020 ## - INTERNATIONAL STANDARD BOOK NUMBER
International Standard Book Number 9783040000000
245 #0 - TITLE STATEMENT
Title Bioactive Natural Products from the Red Sea
546 ## - LANGUAGE NOTE
Language note English[eng]
650 ## - SUBJECT ADDED ENTRY--TOPICAL TERM
Topical term or geographic name entry element Aspergillus falconensis||OSMAC||azaphilones||X-ray diffraction||NF-κB inhibition||LC-HRESIMS||Stylissa carteri||ceramide||cerebroside||docking||cytotoxic activity||co-cultivation||phenazine||sponge-associated actinomycetes||antibacterial||antibiofilm||DNA gyrase||pyruvate kinase||ergosterol derivative||metabolic analysis||docking studies||seagrass||Thalassodendron ciliatum||Red Sea sponges||marine actinomycetes||Streptomyces coelicolor LY001||halogenated 3-phenylpropanoic acid derivatives||diketopiperazine alkaloids||structural determinations||antimicrobial activities||Red Sea||marine natural products||marine organisms||biodiversity||marine metagenomics||bioactivity||Sinularia polydactyla||soft coral||steroids||cytotoxic||anti-inflammatory||neuroprotective||androgen receptor||Actinokineospora||Rhodococcus||co-culture||metabolomics||antimalarial||epicotripeptin||phragamide||Epicoccum||Alternaria||antimicrobial||n/a
700 ## - ADDED ENTRY--PERSONAL NAME
Personal name Rateb, Mostafa||Abdelmohsen, Usama Ramadan
856 ## - ELECTRONIC LOCATION AND ACCESS
Uniform Resource Identifier <a href="https://mdpi.com/books/pdfview/book/4235">https://mdpi.com/books/pdfview/book/4235</a>
942 ## - ADDED ENTRY ELEMENTS (KOHA)
Koha item type E-Books
Holdings
Withdrawn status Lost status Damaged status Not for loan Home library Current library Date acquired Total Checkouts Date last seen Price effective from Koha item type
        Kerala University of Digital Sciences, Innovation and Technology Knowledge Centre Kerala University of Digital Sciences, Innovation and Technology Knowledge Centre 20/06/2022   20/06/2022 20/06/2022 E-Books